UK Sitcoms (Finish The Title) - Statistics

General Stats
  • This quiz has been taken 81 times
    64 since last reset
  • The average score is 12 of 20
Answer Stats
Hint Answer % Correct
Men Behaving _____ Badly
96%
Till Death Us Do ____ Part
93%
Last Of The Summer ____ Wine
91%
The Thick Of __ It
89%
Happy Ever _____ After
87%
Love Thy ________ Neighbour
87%
Bless This _____ House
84%
Rising ____ Damp
78%
Robin's ____ Nest
64%
Please ___ Sir
58%
Early _____ Doors
56%
Mind Your ________ Language
49%
Duty ____ Free
47%
George And The ______ Dragon
42%
The Smoking ____ Room
29%
For The Love Of ___ Ada
24%
Surgical ______ Spirits
24%
Count Arthur ______ Strong
24%
Oh Doctor ________ Beeching
22%
Meet The ____ Wife
9%
No matching quizzes found
Score Distribution
Percent of People with Each Score
Percentile by Number Answered
Your Score History
You have not taken this quiz since the last reset